000 00429nam a2200145Ia 4500
008 231129s1990||||xx |||||||||||||| ||spa||
020 _a958-9079-00-8
040 _bspa
082 _a333.9164 B862m
100 _aBrito Ruiz Fernando
245 0 _aMemorias del IV encuentro internacional sobre la cuenca del pacifico
260 _c1990
264 _aEsap-Publicaciones
942 _2ddc
_cBKS
999 _c20966
_d20966